Work and Alienation in the Platform Economy : (Record no. 1715132)

MARC details
000 -LEADER
fixed length control field 00494 a2200169 4500
005 - DATE AND TIME OF LATEST TRANSACTION
control field 20260319150414.0
008 - FIXED-LENGTH DATA ELEMENTS--GENERAL INFORMATION
fixed length control field 260319b |||||||| |||| 00| 0 eng d
020 ## - INTERNATIONAL STANDARD BOOK NUMBER
International Standard Book Number 9781529226553
040 ## - CATALOGING SOURCE
Transcribing agency SDCL
041 ## - LANGUAGE CODE
Source of code eng
Language code of text/sound track or separate title eng
084 ## - COLON CLASSIFICATION NUMBER
Classification number X.1'P R4
100 ## - MAIN ENTRY--PERSONAL NAME
Personal name Kassem, Sarrah
245 ## - TITLE STATEMENT
Title Work and Alienation in the Platform Economy :
Remainder of title Amazon and the Power of Organization
260 ## - PUBLICATION, DISTRIBUTION, ETC.
Place of publication, distribution, etc. Bristol :
Name of publisher, distributor, etc. Bristol University Press,
Date of publication, distribution, etc. 2024.
300 ## - PHYSICAL DESCRIPTION
Extent x, 211p.
942 ## - ADDED ENTRY ELEMENTS (KOHA)
Koha item type Textual
Source of classification or shelving scheme Colon Classification (CC)
100 ## - MAIN ENTRY--PERSONAL NAME
-- 1132572
999 ## -
-- 1715132
-- 1715132
Holdings
Withdrawn status Lost status Source of classification or shelving scheme Damaged status Not for loan Home library Current library Date acquired Source of acquisition Cost, normal purchase price Inventory number Total checkouts Full call number Barcode Date last seen Cost, replacement price Price effective from Koha item type
    Colon Classification (CC)     South Campus Library South Campus Library 2026-03-11 58 2685.47 71132 & 09/12/2025   X.1'P R4 SC1809512 2026-03-11 3356.84 2026-03-11 Textual
Copyright @ Delhi University Library System